Tercera parte del Sabio instruido de la naturaleza con esfuerzos de la verdad, en el tribunal de la Razón,alegados en 42 máximas ...

Detalles Bibliográficos
Autor principal: GARAU, Francisco
Formato: Libro
Publicado: Barcelona 1700
Materias:
Colección:Banco de datos
Acervo:Biblioteca Nacional de Antropología e Historia. Fondo Conventual
Tema general:Moral
Notas:Regular. XXVI.2.
LEADER 00741nam a22001930004500
035 |a 3024 
036 |a 499 
100 1 |a GARAU, Francisco. 
245 1 0 |a Tercera parte del Sabio instruido de la naturaleza con esfuerzos de la verdad, en el tribunal de la Razón,alegados en 42 máximas ... 
260 |a Barcelona  |b ed. Tomás Loriente; imp. Cormellas  |c 1700 
500 |a Regular. XXVI.2. 
650 1 0 |a Moral 
949 |a B.N.A.H. 
959 |a Biblioteca Nacional de Antropología e Historia. Ciudad de México  |b CCC1 
960 |a Convento Grande de San Francisco de la ciudad de México  |b DD32 
961 |a Franciscana  |b OF 
942 |c B.N.A.H. 
943 |g Biblioteca Nacional de Antropología e Historia. Fondo Conventual 
999 |c 1027556  |d 1027556